Future shock (Record no. 347992)

000 -LEADER
fixed length control field 00784 a2200229 4500
003 - CONTROL NUMBER IDENTIFIER
control field OSt
005 - DATE AND TIME OF LATEST TRANSACTION
control field 20180116182907.0
008 - FIXED-LENGTH DATA ELEMENTS--GENERAL INFORMATION
fixed length control field 170726b xxu||||| |||| 00| 0 eng d
020 ## - INTERNATIONAL STANDARD BOOK NUMBER
International Standard Book Number 0553277375 (mass market paperback)
020 ## - INTERNATIONAL STANDARD BOOK NUMBER
International Standard Book Number 9780553277371 (mass market paperback)
040 ## - CATALOGING SOURCE
Transcribing agency 0
082 04 - DEWEY DECIMAL CLASSIFICATION NUMBER
Classification number 301.24 TOF 1990
100 1# - MAIN ENTRY--PERSONAL NAME
Personal name Toffler, Alvin.
245 10 - TITLE STATEMENT
Title Future shock
Statement of responsibility, etc. Alvin Toffler.
250 ## - EDITION STATEMENT
Edition statement 1st ed.
260 ## - PUBLICATION, DISTRIBUTION, ETC.
Place of publication, distribution, etc. [S.l.] :
Name of publisher, distributor, etc. Bantam,
Date of publication, distribution, etc. 1990
300 ## - PHYSICAL DESCRIPTION
Extent 576 p. ;
Dimensions 18 cm.
440 ## - SERIES STATEMENT/ADDED ENTRY--TITLE
Title Future shock
520 ## - SUMMARY, ETC.
Summary, etc. Examines the effects of rapid industrial and technological changes upon the individual, the family, and society.
856 40 - ELECTRONIC LOCATION AND ACCESS
Materials specified Amazon.com
Uniform Resource Identifier <a href="http://www.amazon.com/exec/obidos/ASIN/0553277375/chopaconline-20">http://www.amazon.com/exec/obidos/ASIN/0553277375/chopaconline-20</a>
942 ## - ADDED ENTRY ELEMENTS (KOHA)
Institution code [OBSOLETE] NBS
Koha item type Book
Call number prefix 301.24 TOF 1990
Source of classification or shelving scheme
Holdings
Withdrawn status Lost status Source of classification or shelving scheme Damaged status Not for loan Permanent Location Current Location Date acquired Total Checkouts Full call number Barcode Date last seen Date last checked out Price effective from Koha item type Public note Collection code Shelving location Total Renewals
  Write Off       Central Library (CL) Central Library (CL) 08/28/2013 1 301.24 TOF NBS7493 11/22/2017 07/20/2017 08/28/2013 Book Write off File No.0908/IRC/NBS Dated Aug 16, 2018      
          Central Library (CL) Central Library (CL) 08/28/2013 1 301.24 TOF NBS7492 12/11/2019 07/20/2017 08/28/2013 Book        
          Central Library (CL) Central Library (CL) 08/28/2013 1 301.24 TOF NBS7488 11/22/2017 07/20/2017 08/28/2013 Book        
          Central Library (CL) Central Library (CL) 08/28/2013 1 301.24 TOF NBS7494 11/22/2017 07/20/2017 08/28/2013 Book        
          Central Library (CL) Central Library (CL) 08/28/2013 1 301.24 TOF NBS7497 11/22/2017 07/20/2017 08/28/2013 Book        
          Central Library (CL) Central Library (CL) 08/28/2013 1 301.24 TOF NBS7490 11/22/2017 07/20/2017 08/28/2013 Book        
          Central Library (CL) Central Library (CL) 07/26/2017 1 301.24 TOF 1990 NBS7489 11/22/2017 07/26/2017 07/26/2017 Book     General Stacks  
          Central Library (CL) Central Library (CL) 07/26/2017 1 301.24 TOF 1990 NBS6856 11/22/2017 07/26/2017 07/26/2017 Book     General Stacks  
          Central Library (CL) Central Library (CL) 07/26/2017 2 301.24 TOF 1990 NBS7491 12/12/2021 06/29/2021 07/26/2017 Book     General Stacks 3
© 2023 Central Library, National University of Sciences and Technology. All Rights Reserved.